2017-2018 NBA Statistical Leaders - Statistics

General Stats
  • This quiz has been taken 221 times
  • The average score is 24 of 44
Answer Stats
Answer % Correct
James Harden
99%
LeBron James
99%
Stephen Curry
99%
Russell Westbrook
98%
Kevin Durant
94%
Klay Thompson
89%
G. Antetokounmpo
87%
Anthony Davis
85%
Chris Paul
85%
Nikola Jokic
85%
Rudy Gobert
81%
Draymond Green
79%
Damian Lillard
77%
Paul George
76%
Kyrie Irving
75%
Joel Embiid
74%
Andre Drummond
68%
Jimmy Butler
66%
Blake Griffin
58%
DeAndre Jordan
58%
Karl-Anthony Towns
58%
Kyle Lowry
58%
Ben Simmons
56%
Clint Capela
55%
Dwight Howard
52%
DeMarcus Cousins
50%
LaMarcus Aldridge
48%
Thaddeus Young
48%
Eric Gordon
40%
Myles Turner
40%
Kemba Walker
38%
Steven Adams
36%
Rajon Rondo
35%
Victor Oladipo
34%
Gary Harris
33%
Jusuf Nurkic
27%
Jeff Teague
15%
Eric Bledsoe
14%
Robert Covington
11%
Enes Kanter
7%
Joe Ingles
7%
Derrick Favors
4%
John Henson
4%
Wayne Ellington
3%
No matching quizzes found
Score Distribution
Percent of People with Each Score
Percentile by Number Answered
Your Score History
You have not taken this quiz